Actors who worked with Damien Chazelle - Statistics

General Stats
  • This quiz has been taken 55 times
  • The average score is 10 of 30
Answer Stats
Films Answer % Correct
La La Land Emma Stone
100%
La La Land, Whiplash J. K. Simmons
95%
La La Land, First Man Ryan Gosling
95%
Babylon Margot Robbie
93%
Babylon Brad Pitt
88%
Whiplash Miles Teller
81%
Babylon Tobey Maguire
56%
La La Land John Legend
49%
First Man Claire Foy
35%
Babylon Diego Calva
35%
Babylon Flea
26%
Babylon Olivia Wilde
21%
Whiplash Paul Reiser
21%
Babylon Samara Weaving
21%
First Man Kyle Chandler
16%
Babylon, First Man Lukas Haas
16%
Whiplash Melissa Benoist
16%
Babylon Phoebe Tonkin
16%
First Man Corey Stoll
14%
Babylon Eric Roberts
14%
Babylon Jean Smart
14%
La La Land Rosemarie DeWitt
14%
First Man Jason Clarke
12%
First Man Ciarán Hinds
9%
Babylon Kaia Gerber
9%
Babylon Katherine Waterston
9%
Whiplash Austin Stowell
7%
First Man Olivia Williams
5%
First Man Pablo Schreiber
5%
First Man Shea Whigham
5%
No matching quizzes found
Score Distribution
Percent of People with Each Score
Percentile by Number Answered
Your Score History
You have not taken this quiz